| 000 | 00427nam a22001337a 4500 | ||
|---|---|---|---|
| 082 | _aP-738 | ||
| 100 |
_aCapt Ammad Khan _951211 |
||
| 245 |
_aReliability Analysis of Analytical Al Methods for Pile Capacity Prediction at Lahore Ring Road Project _cCapt Ammad Khan |
||
| 260 |
_aRisalpur, _bMCE, _c2017. |
||
| 300 |
_a194p _bNil |
||
| 526 |
_a0 _b0 _c0 _dP_738 |
||
| 700 |
_aLt Col Dr Mazhar Iqbal Arshad _951212 |
||
| 942 |
_2ddc _cBK |
||
| 999 |
_c553960 _d553960 |
||